| 000 | 00531nam a2200157Ia 4500 | ||
|---|---|---|---|
| 008 | 210716s2008 xx 000 0 und d | ||
| 020 | _a9780070220911 | ||
| 041 | _aeng | ||
| 082 | _a658.8 DWYR | ||
| 100 | _aDwyer, F Robert;Tanner, John F. | ||
| 245 |
_aBusiness marketing: connecting strategy relationships and learning. _bConnecting strategy relationships and learning. |
||
| 250 | _a3 | ||
| 260 |
_aNew delhi _bTata McGraw Hill Publishing Company Ltd _c2008 |
||
| 300 | _axxii,684 | ||
| 650 | _aBusines to Business Marketing | ||
| 999 |
_c203769 _d203769 |
||